Principles of semiconductor devices / (Record no. 12207)
[ view plain ]
| 000 -LEADER | |
|---|---|
| fixed length control field | 00692nam a2200229Ia 4500 |
| 008 - FIXED-LENGTH DATA ELEMENTS--GENERAL INFORMATION | |
| fixed length control field | 210303s9999 xx 000 0 und d |
| 016 ## - NATIONAL BIBLIOGRAPHIC AGENCY CONTROL NUMBER | |
| Source | retro2022 |
| 020 ## - INTERNATIONAL STANDARD BOOK NUMBER | |
| ISBN | 9780195394603 |
| 040 ## - CATALOGING SOURCE | |
| Original cataloging agency | NLN |
| Language of cataloging | English |
| Description conventions | AACR2 |
| 100 ## - MAIN ENTRY--AUTHOR | |
| Author | DIMITRIJEV, Sima |
| Relator term | aut |
| 245 #0 - TITLE STATEMENT | |
| Title | Principles of semiconductor devices / |
| Statement of responsibility, etc | Sima Dimitrijev |
| 260 ## - PUBLICATION, DISTRIBUTION, ETC. (IMPRINT) | |
| Place of publication | New York, U. S. A. : |
| Name of publisher | Oxford University Press, |
| Date of publication | 2010 |
| 300 ## - COLLATION | |
| Pagination | xviii, 588p. : |
| Other physical details | ill. ; 23cm. |
| 500 ## - GENERAL NOTE | |
| General note | Bibliography : P. 571-572 |
| 563 ## - BINDING INFORMATION | |
| Binding note | (pbk) |
| 650 ## - TRACINGS | |
| Main Subject | Semiconductor |
| 650 ## - TRACINGS | |
| Main Subject | Crystals |
| 650 ## - TRACINGS | |
| Main Subject | Solid state electronics |
| 942 ## - ADDED ENTRY ELEMENTS (KOHA) | |
| Suppress in OPAC | No |
| Item type | Books |
| 050 ## - LIBRARY OF CONGRESS CALL NUMBER | |
| Classification number | TK7871.85 |
| Item number | .D582 |
| 082 ## - DEWEY DECIMAL CLASSIFICATION NUMBER | |
| Classification number | 621.38152 |
| Source of classification or shelving scheme | Not for loan | Home library | Current library | Date acquired | Full call number | Barcode. | Koha item type |
|---|---|---|---|---|---|---|---|
| Library of Congress Classification | IBADAN BRANCH LIBRARY | National Library of Nigeria | 04/03/2021 | TK7871.85 .D582 | 2024-555555550995524 | Books |
